Biện pháp quản lý công tác nghiên cứu khoa học của sinh viên Trường Đại học Luật - Đại học Quốc gia Lào

Cơ sở lý luận quản lý công tác nghiên cứu khoa học của sinh viên ở trường đại học. Thực trạng quản lý công tác nghiên cứu khoa học của sinh viên Trường ĐH Luật – ĐHQG Lào. Biện pháp quản lý công tác nghiên cứu khoa học của sinh viên Trường ĐH Luật – ĐHQG Lào...

Deskribapen osoa

Gorde:
Xehetasun bibliografikoak
Egile nagusia: Xaysena Konekeochay
Beste egile batzuk: Nguyễn Quang Giao T.S (Hướng dẫn)
Formatua: Liburua
Hizkuntza:Vietnamese
Argitaratua: Đà Nẵng Đại học Đà Nẵng 2014
Gaiak:
Etiketak: Etiketa erantsi
Etiketarik gabe, Izan zaitez lehena erregistro honi etiketa jartzen!
Thư viện lưu trữ: Mạng thư viện Đại học Đà Nẵng
LEADER 01859nam a2200349 4500
001 000020055
003 16496
005 20150312160348.0
008 150105s2014 viesd
041 |a vie 
082 1 4 |a 378.16  |b XA-K 
100 1 |a Xaysena Konekeochay 
245 1 |a Biện pháp quản lý công tác nghiên cứu khoa học của sinh viên Trường Đại học Luật - Đại học Quốc gia Lào  |c Xaysena Konekeochay ; Nguyễn Quang Giao hướng dẫn.  |k Luận văn Thạc sĩ 
260 |a Đà Nẵng  |b Đại học Đà Nẵng  |c 2014 
300 |a 99 tr., phụ lục 3 tr.  |c 29 cm.  |e Tóm tắt 
500 |a Luận văn thạc sĩ Khoa học. Chuyên ngành: Quản lý giáo dục. Mã số: 60.14.05 
520 3 |a Cơ sở lý luận quản lý công tác nghiên cứu khoa học của sinh viên ở trường đại học. Thực trạng quản lý công tác nghiên cứu khoa học của sinh viên Trường ĐH Luật – ĐHQG Lào. Biện pháp quản lý công tác nghiên cứu khoa học của sinh viên Trường ĐH Luật – ĐHQG Lào 
650 0 4 |a Quản lý giáo dục đại học  |v Luận văn tốt nghiệp  |x Nghiên cứu khoa học  |x Sinh viên  |z Lào 
653 |a Quản lý giáo dục 
653 |a Nghiên cứu khoa học 
653 |a Giáo dục đại học 
700 1 |a Nguyễn Quang Giao  |c T.S  |e Hướng dẫn 
OWN |a LSP 
AVA |a UDN50  |b LSP  |d 378.16 XA-K  |e available  |t Error 5001 Not defined in file expand_doc_bib_avail.  |f 1  |g 0  |h N  |i 0  |k 1 
999 |a From the UDN01 
AVA |a UDN50  |b LSP  |d 378.16 XA-K  |e available  |t Error 5001 Not defined in file expand_doc_bib_avail.  |f 1  |g 0  |h N  |i 0  |k 1 
TYP |a Monograph 
TYP |a Printed language 
980 |a Mạng thư viện Đại học Đà Nẵng